00515naa a2200169 a 450000100080000000500110000800800410001910000190006024500670007926000090014665300110015565300120016665300150017870000170019370000190021077301160022910690412010-04-09 2006 bl uuuu u00u1 u #d1 aFREITAS, F. C. aPitiose equinabtratamento cir??rgico associado ?? homeopatia. c2006 aEquino aPitiose aTratamento1 aSILVA, G. B.1 aVALENTE, P. P. tArquivo Brasileiro de Medicina Veterin??ria e Zootecnia, Belo Horizontegv. 58, supl. 1, p. 124-126, set. 2006.